000 00789nam a2200229Ii 4500
003 JO-AjNU
008 230605s9999||||xx |||||||||||||| ||und||
017 _a2008/9/3106
020 _a978-9957-70-119-2
040 _aJO-AjNU
_bara
_erda
_cJO-AjNU
041 _aara
050 1 4 _aBP173.75.S52 2009
100 3 _aالشافعي، عبد الرحيم,
_eauthor
_930678
245 0 0 _aالمدخل لدراسة الإقتصاد الإسلامي
250 _aط1
264 3 1 _aاربد- عمان: عالم الكتب الحديث، جدارا للكتاب العالمي، 2009
300 _a191ص
336 _atext
_btxt
_2rdacontent
337 _aunmediated
_bn
_2rdamedia
338 _avolume
_bnc
_2rdacarrier
650 4 _aالاقتصاد الاسلامي- الاسلام
_930679
999 _aA12190
_c15758
_d15758